| 000 | 01062nam a22003257a 4500 | ||
|---|---|---|---|
| 999 |
_c200454907 _d73119 |
||
| 001 | 200454907 | ||
| 003 | TR-AnTOB | ||
| 005 | 20231011100503.0 | ||
| 007 | ta | ||
| 008 | 231011s2021 tu a|||j |||| 00| j tur d | ||
| 020 | _a9786050693966 | ||
| 040 |
_aTR-AnTOB _beng _erda _cTR-AnTOB |
||
| 041 | 0 | _atur | |
| 092 |
_a808.068 _bBALy 2021 |
||
| 100 | 1 |
_aBalcı, Aydın _eauthor _d1948- _9143901 |
|
| 245 | 1 | 0 |
_aYüzgeçli yolcular : _bsuyun çocukları - 1 / _cAydın Balcı ; Resimleyen: Sinem Savaş. |
| 250 | _a2. baskı | ||
| 264 | 1 |
_aİstanbul : _bParmak Çocuk Yayınları, _c2021. |
|
| 300 |
_a46, [1] pages : _billustrations ; _c20 cm. |
||
| 336 |
_2rdacontent _atext _btxt |
||
| 337 |
_2rdamedia _aunmediated _bn |
||
| 338 |
_2rdacarrier _avolume _bnc |
||
| 490 | 0 |
_aMinik Parmak Çocuk Yayınları : _v16. |
|
| 500 | _a"Masal" --k. | ||
| 653 |
_aÇocuk edebiyatı _aMasallar _aHayvanlar _aSu hayvanları _aMacera |
||
| 700 | 1 |
_aSavaş, Sinem _eillustrator _d1983- _9140474 |
|
| 942 |
_2ddc _cBK |
||